Paroles - Soleil Bleu - Statistiques

Statistiques générales
  • Ce quiz a été pris 90 fois
  • Le résultat moyen est 166 sur 276
Statistiques - réponses
Réponse % Correct
la
99%
99%
La
99%
je
96%
Je
96%
veux
95%
comme
92%
et
90%
Et
90%
le
90%
Le
90%
vivre
90%
Les
88%
les
88%
Oh
88%
oh
88%
tête
88%
l'eau
85%
dans
84%
soleil
84%
en
82%
feu
82%
bleu
81%
pieds
79%
nuages
74%
sous
74%
Sous
74%
de
73%
des
68%
mon
67%
laissez-moi
66%
Laissez-moi
66%
me
58%
Sur
52%
sur
52%
sûr
52%
étoiles
51%
lune
45%
Laisse-moi
41%
40%
Loin
38%
du
37%
mes
34%
une
34%
minérale
33%
problèmes
33%
douceur
32%
que
32%
Toucher
30%
Ce
29%
est
29%
libre
29%
Libre
29%
sentir
29%
Sentir
29%
m'attend
27%
plus
27%
vent
26%
m'envoler
25%
monde
25%
terre
25%
tu
25%
l'air
23%
Même
23%
même
23%
rien
22%
temps
22%
histoire
21%
m'attendent
21%
pas
21%
sans
21%
frôler
19%
incantation
19%
j'ai
19%
j'veux
19%
J'veux
19%
n'est
19%
égal
18%
noir
18%
bagages
16%
doux
16%
Ici
16%
C'est
15%
courir
15%
Défier
15%
l'horizon
15%
maintenant
15%
pluie
15%
refrain
15%
rêves
15%
Caresser
14%
entends
14%
fin
14%
mains
14%
moment
14%
partir
14%
sont
14%
dit
12%
embrasser
12%
frontières
12%
l'odeur
12%
montagnes
12%
prendre
12%
demain
11%
donc
11%
d'un
11%
Est-ce
11%
m'égarer
11%
pierres
11%
réinvente
11%
route
11%
Effleurer
10%
grands
10%
longue
10%
ombres
10%
personne
10%
Tracer
10%
briller
8%
J'entends
8%
n'attendrai
8%
n'éclaire
8%
oui
8%
Rêver
8%
chemins
7%
fendre
7%
marcher
7%
Aucun quiz correspondant
Distribution des résultats
% des personnes avec chaque résultat
Percentile par nombre de réponses
Votre historique - résultats
Vous n’avez pas pris ce quiz